000 00426nam a2200181Ia 4500
005 20241203132618.0
008 131103s9999 xx 000 0 und d
040 _aLoreto College
041 _aEnglish
082 _aREF
_b900
245 _aHistory
_b ancient
260 _aKolkata
_bW.B.B.S.E
_c1994
300 _a101p.
_b ill.
504 _aclass vi
650 _aHistory - ancient agg
850 _aLCBED
942 _cBK
999 _c28630
_d79109